TV Shows by Scene - Picture Quiz - Statistics

General Stats
  • This quiz has been taken 2,156 times
  • The average score is 12 of 20
Answer Stats
Picture Answer % Correct
The Simpsons
98%
Friends
89%
South Park
89%
Grey's Anatomy
88%
Game of Thrones
85%
My Little Pony
85%
Breaking Bad
76%
Stranger Things
71%
The Office
71%
Seinfeld
59%
Riverdale
48%
The Walking Dead
47%
Golden Girls
45%
M*A*S*H
42%
The X-Files
41%
Law & Order
37%
Impractical Jokers
28%
The Wire
28%
Survivor
22%
House of Cards
9%
No matching quizzes found
Score Distribution
Percent of People with Each Score
Percentile by Number Answered
Your Score History
You have not taken this quiz